Представление документа в формате RUSMARC

ПолеНазваниеЗначение
  Тип записи a
  Библиографический уровень m
001 Контрольный номер admiBOOK00016193
005 Дата корректировки 20140508173845.5
010 Индекс ISBN __
a ISBN 8-17-036833-X
d Цена 92.00
100 Данные общей обработки __
a Данные общей обработки 19020123 |||y0 y0189 ca
101 Язык документа __
a Язык текста rus
105 Кодированные данные (монография) __
a Кодированные данные (монография) zy
200 Заглавие и сведения об ответственности 0_
a Заглавие Харизма: власть и влияние личности
e Сведения, относящиеся к заглавию Учебное пособие
f Первые сведения об ответственности И.Добротворский
210 Выходные данные __
a Место издания М
c Издательство Олимп
c Издательство АСТ
c Издательство Астрель
d Дата издания 2006
215 Физическое описание __
a Объем 235,[5]с.
225 Серия __
a Серия Сити-Класс:Открой для себя мир
606 Тематические рубрики __
a Основная рубрика Психология
x Основная подрубрика Харизма
610 Ключевые слова __
a Ключевые слова Харизма
a Ключевые слова Личность
a Ключевые слова Притягательная личность
a Ключевые слова Власть
a Ключевые слова Влияние
a Ключевые слова Подсознание
a Ключевые слова Мышление
a Ключевые слова Самовнушение
675 Индекс УДК __
a Индекс УДК 316.6
686 Индексы других классификаций __
a Классификационный индекс 88.37
700 Автор _1
a Фамилия Добротворский
b Имя И.Л.
852 Данные о местонахождении __
c Местонахождение стеллажа 88
j Шифр хранения 88
852 Данные о местонахождении __
b Сигла хранения ЧЗ_1
t Номер экземпляра 1
i Авторский знак Д56
p Инвентарный номер 141392
901 Тип документа __
t Тип документа m
911 __
u 952a=Учебное пособие
u 952p=1734
938 Служебная информация __
a Название организации Саранский филиал
b Имя БД OUTPUT.MRC_Саранск
c Название АИБС АИБС Библиотека